000 01575nam0a2200349 4500
001 RU\NLR\bibl\1860571
005 20260408090720.0
010 _a978-5-8459-1736-2
_91500
021 _aRU
_b2012-255
_919
035 _a(nilc)RSL-KNO-005380634
035 _a(NLR Aleph) 001850474
090 _a2394901
_c2394901
100 _a20120123d2012 |||y0rusy50 ca
101 1 _arus
_ceng
102 _aRU
105 _aa |||||||||
200 1 _aПервые 90 дней на пути к процветанию
_eосновы создания богатства
_e[сборник]
_fTrump university
_gпод ред. и предисл. Д. Трампа
_g[пер. с англ. В.Н. Логвинова и Н.А. Лавской]
210 _aМосква [и др.]
_cДиалектика
_d2012
215 _a352 с.
_cил.
_d21
300 _aЗагл. ориг.: Your first 90 days on the path to prosperity
454 0 _12001#$aYour first 90 days on the path to prosperity
_tYour first 90 days on the path to prosperity
606 1 _aПредпринимательство
_91161265
_3RU\NLR\auth\66147005
686 _aУ5-13
702 1 _4340
_7ca
_8rus
_aТрамп
_bД.
_f1946-
_gДональд
_9176000
_3RU\NLR\AUTH\770176051
712 0 2 _4570
_aУниверситет Трампа
_cНью-Йорк
_9343396
_3RU\NLR\AUTH\8810229272
801 0 _aRU
_bRuMoRKP
_c20120123
_grcr
801 1 _aRU
_bРГБ
_c20120123
801 2 _aRU
_bNLR
_c20120126
_grcr
942 _cBOOK
980 _aNB
980 _aNBR